000 00338 a2200157 4500
001 75056
020 _a9788540302860
040 _cAnchieta - Colégio São Paulo
100 _aVieira, Maria Amélia
240 1 0 _aGeografia
_lpor
245 1 0 _aGeografia
300 _a288
362 0 _a0
650 4 _aGeografia e viagens
942 _cBK
999 _c75056
_d75056